00542nam a22001697a 450000500170000001000130001702000260003003500130005603700090006908200150007810000170009324501060011026000360021627000450025230000260029750000490032320210622154713.0 aB-740268 a9788125016939c235.00 aB-740268 bGift a305.891495 aSubba, T. B. aPolitics of culture: ba study of three Kirata communities in the eastern Himalayas /cby T. B. Subba aHyderabadbOrient Longmanc2001 a3-6-272, HimayatnagarbHyderabade500029 axiv, 154p.c21cm(pbk) ainclude bibliographical references and index